| 000 | 00370 a2200145 4500 | ||
|---|---|---|---|
| 020 | _a9788498380620 | ||
| 020 | _a8498380626 | ||
| 041 | _aeng | ||
| 100 | 1 | 0 | _aIbbotson, Eva |
| 245 | 1 | _aLos fantasmas ausentes / Eva Ibbotson | |
| 260 | _aBarcelona : Salamandra, 2006. | ||
| 300 |
_a187 p. ; _c22 cm |
||
| 500 | _aTt̕ulo original: The haunting of Hiram. | ||
| 942 | _cBK | ||
| 999 |
_c4494 _d4494 |
||